[Event "SVK-chT2C 1314"]
[Site "Slovakia"]
[Date "2014.03.16"]
[Round "11.3"]
[White "Panis, Radim"]
[Black "Maracek, Igor"]
[Result "1-0"]
[WhiteElo "2054"]
[BlackElo "2103"]
[PlyCount "77"]
[EventDate "2013.10.19"]
[EventType "team-tourn"]
[EventRounds "11"]
[EventCountry "SVK"]
[SourceTitle "EXT 2015"]
[Source "ChessBase"]
[SourceDate "2014.11.20"]
[SourceVersion "1"]
[SourceVersionDate "2014.11.20"]
[SourceQuality "1"]
[WhiteTeam "Banska Bystrica Veza"]
[BlackTeam "Zilina DMS"]
[WhiteTeamCountry "SVK"]
[BlackTeamCountry "SVK"]

1. e4 e5 2. Nf3 d5 3. Nxe5 Bd6 4. d4 dxe4 5. Nc4 Be7 6. Be2 Nf6 7. 0-0 Nc6 8. c3 0-0 9. Re1 Be6 10. Nbd2 Qd7 11. Bf1 Bf5 12. Qb3 a5 13. a4 Rfe8 14. Ne3 Bg6 15. Bb5 Rad8 16. Ndc4 Qe6 17. Bxc6 bxc6 18. Nxa5 Nd5 19. Qc4 Rd6 20. b3 Qd7 21. Nb7 Re6 22. a5 f5 23. Nxd5 cxd5 24. Qa4 c6 25. a6 Ra8 26. Bf4 Be8 27. Nc5 Bxc5 28. dxc5 g5 29. Bd6 f4 30. Qb4 f3 31. Qb7 Rxd6 32. Qxa8 Rf6 33. h3 g4 34. g3 Rh6 35. a7 Re6 36. h4 d4 37. Qb8 e3 38. a8Q d3 39. Rxe3 1-0

[Event "SVK-chT2C 1112"]
[Site "Slovakia"]
[Date "2012.02.25"]
[Round "10.7"]
[White "Gregor, Zdenek"]
[Black "Maracek, Igor"]
[Result "1/2-1/2"]
[WhiteElo "1833"]
[BlackElo "2069"]
[PlyCount "49"]
[EventDate "2011.10.08"]
[EventType "team-tourn"]
[EventRounds "11"]
[EventCountry "SVK"]
[SourceTitle "EXT 2013"]
[Source "ChessBase"]
[SourceDate "2012.11.22"]
[SourceVersion "1"]
[SourceVersionDate "2012.11.22"]
[SourceQuality "1"]
[WhiteTeam "Banska Bystrica Junior II"]
[BlackTeam "Zilina DMS"]
[WhiteTeamCountry "SVK"]
[BlackTeamCountry "SVK"]

1. d4 d5 2. Bf4 Nf6 3. e3 g6 4. h3 Bg7 5. Nf3 0-0 6. c3 a5 7. a4 c5 8. Be2 Qb6 9. Qc1 Bd7 10. 0-0 Nc6 11. Na3 cxd4 12. exd4 Ne4 13. Nb5 Rac8 14. Qe3 Nd8 15. Ne5 Be8 16. Bd3 f6 17. Nf3 Nf7 18. Rfe1 e5 19. dxe5 Qxe3 20. Bxe3 fxe5 21. Bxe4 dxe4 22. Nd2 Bc6 23. Na7 Rb8 24. Bc5 Rfd8 25. Nxe4 1/2-1/2

[Event "SVK-chT2C 1112"]
[Site "Slovakia"]
[Date "2012.01.07"]
[Round "7.3"]
[White "Magat, Jozef"]
[Black "Maracek, Igor"]
[Result "1-0"]
[WhiteElo "2069"]
[BlackElo "2069"]
[PlyCount "95"]
[EventDate "2011.10.08"]
[EventType "team-tourn"]
[EventRounds "11"]
[EventCountry "SVK"]
[SourceTitle "EXT 2013"]
[Source "ChessBase"]
[SourceDate "2012.11.22"]
[SourceVersion "1"]
[SourceVersionDate "2012.11.22"]
[SourceQuality "1"]
[WhiteTeam "Dunajov II"]
[BlackTeam "Zilina DMS"]
[WhiteTeamCountry "SVK"]
[BlackTeamCountry "SVK"]

1. d4 Nf6 2. Nf3 d6 3. c4 g6 4. Nc3 Bg7 5. g3 0-0 6. Bg2 a5 7. 0-0 Nc6 8. e4 e5 9. dxe5 Nxe5 10. Nxe5 dxe5 11. Bg5 h6 12. Qxd8 Rxd8 13. Bxf6 Bxf6 14. Nd5 Rd6 15. Nxc7 Rb8 16. Ne8 Rc6 17. Nxf6+ Rxf6 18. Rfd1 Bg4 19. Rd5 Rc6 20. b3 a4 21. Rxe5 Ra8 22. Rb1 axb3 23. axb3 Ra2 24. Rb5 Rd6 25. Rd5 Rf6 26. f4 Rfa6 27. h3 Be2 28. e5 Rb6 29. Rd7 Bxc4 30. Bxb7 Be6 31. Rd8+ Kg7 32. Bg2 Rxb3 33. Rxb3 Bxb3 34. Rd4 Rc2 35. g4 Be6 36. Be4 Rc7 37. Kg2 f5 38. gxf5 gxf5 39. Bd3 Kf7 40. Kg3 Rc1 41. Kh4 Rd1 42. Rd6 Rg1 43. Bxf5 Bxf5 44. Rf6+ Kg7 45. Rxf5 Rg2 46. Rf6 Rg1 47. Kh5 Rg3 48. h4 1-0

[Event "SVK-chT2C 1112"]
[Site "Slovakia"]
[Date "2011.11.06"]
[Round "4.6"]
[White "Maracek, Igor"]
[Black "Debnar, Jan"]
[Result "1-0"]
[WhiteElo "2069"]
[BlackElo "2071"]
[PlyCount "49"]
[EventDate "2011.10.08"]
[EventType "team-tourn"]
[EventRounds "11"]
[EventCountry "SVK"]
[SourceTitle "EXT 2013"]
[Source "ChessBase"]
[SourceDate "2012.11.22"]
[SourceVersion "1"]
[SourceVersionDate "2012.11.22"]
[SourceQuality "1"]
[WhiteTeam "Zilina DMS"]
[BlackTeam "Filakovo"]
[WhiteTeamCountry "SVK"]
[BlackTeamCountry "SVK"]

1. c4 c5 2. Nc3 Nf6 3. Nf3 Nc6 4. g3 g6 5. Bg2 Bg7 6. 0-0 0-0 7. d4 cxd4 8. Nxd4 Nxd4 9. Qxd4 Nh5 10. Qd3 f5 11. Bf3 Nf6 12. e4 fxe4 13. Nxe4 Nxe4 14. Bxe4 a5 15. Bg5 Qe8 16. Rae1 e6 17. h4 Bf6 18. Bh6 Bg7 19. Bc1 a4 20. h5 Ra5 21. hxg6 h6 22. Kg2 h5 23. Bd2 Raf5 24. Bxf5 Rxf5 25. Qxf5 1-0

[Event "Zilina Region-ch"]
[Site "Zilina"]
[Date "2010.??.??"]
[Round "4"]
[White "Maracek, Igor"]
[Black "Nemsak, Denis"]
[Result "0-1"]
[WhiteElo "2155"]
[BlackElo "1720"]
[PlyCount "92"]
[EventDate "2010.??.??"]
[EventType "swiss"]
[EventRounds "7"]
[EventCountry "SVK"]
[SourceTitle "EXT 2012"]
[Source "ChessBase"]
[SourceDate "2011.11.24"]
[SourceVersion "1"]
[SourceVersionDate "2011.11.24"]
[SourceQuality "1"]

1. c4 f5 2. e4 fxe4 3. Nc3 Nf6 4. d3 d6 5. dxe4 Nc6 6. Nf3 e5 7. Bd3 h6 8. 0-0 Bg4 9. h3 Bh5 10. Be2 Be7 11. Be3 g5 12. g4 Bg6 13. Bd3 Qd7 14. Nd2 0-0-0 15. Nd5 Rh7 16. Qa4 Nxg4 17. Bxa7 Nxf2 18. Rxf2 Qxh3 19. Bb6 Kd7 20. Bxc7 Rc8 21. Bf1 Qh4 22. Nb6+ Kxc7 23. Nxc8 Kxc8 24. Qa8+ Kc7 25. Qg8 Bxe4 26. Nxe4 Qxe4 27. Bg2 Qd3 28. Raf1 Bd8 29. Rf7+ Rxf7 30. Rxf7+ Ne7 31. Qe8 Qd1+ 32. Rf1 Qd4+ 33. Rf2 g4 34. Qb5 Nc6 35. Bxc6 bxc6 36. Qa5+ Kd7 37. Qd2 Bb6 38. Kg2 Qxf2+ 39. Qxf2 Bxf2 40. Kxf2 d5 41. Kg3 h5 42. cxd5 cxd5 43. b4 Kc6 44. a4 d4 45. b5+ Kb6 46. Kf2 h4 0-1

[Event "SVK-chT2C 0910"]
[Site "Slovakia"]
[Date "2009.11.08"]
[Round "4.3"]
[White "Luptak, Pavol"]
[Black "Maracek, Igor"]
[Result "1-0"]
[WhiteElo "2086"]
[BlackElo "2159"]
[PlyCount "103"]
[EventDate "2009.10.10"]
[EventType "team-tourn"]
[EventRounds "11"]
[EventCountry "SVK"]
[SourceTitle "EXT 2011"]
[Source "ChessBase"]
[SourceDate "2010.11.26"]
[SourceVersion "1"]
[SourceVersionDate "2010.11.26"]
[SourceQuality "1"]
[WhiteTeam "Banska Bystrica Kurta"]
[BlackTeam "Zilina DMS"]
[WhiteTeamCountry "SVK"]
[BlackTeamCountry "SVK"]

1. e4 c5 2. Nf3 d6 3. d4 Nf6 4. Nc3 cxd4 5. Nxd4 Nc6 6. Bc4 e6 7. Be3 Be7 8. 0-0 0-0 9. Qe2 a6 10. a4 Bd7 11. f4 Nxe4 12. Nxe4 d5 13. Bd3 dxe4 14. Bxe4 Nxd4 15. Bxd4 Bf6 16. Be3 Qc7 17. c3 g6 18. Qf2 Bc6 19. Bc2 Bd5 20. a5 Rac8 21. h4 Qc6 22. Rfd1 Be4 23. Ba4 Qc4 24. Bb6 Bc6 25. Bxc6 Qxc6 26. Rd3 Qe4 27. Re3 Qf5 28. Rd1 Rc4 29. g3 Bxh4 30. Qf3 Bf6 31. Qxb7 Rxf4 32. Qxa6 Rf2 33. Rf1 Rxf1+ 34. Qxf1 Bg5 35. Rf3 Qd5 36. Qd3 Qc6 37. Rf1 e5 38. Rd1 e4 39. Qd5 Qxd5 40. Rxd5 Bc1 41. a6 e3 42. Kf1 Re8 43. Ke2 Re6 44. a7 Rxb6 45. a8Q+ Kg7 46. b4 Rf6 47. Re5 Rf2+ 48. Kd1 Bd2 49. b5 Rf1+ 50. Ke2 Re1+ 51. Kd3 Rc1 52. Rxe3 1-0

[Event "SVK-chT2C 0809"]
[Site "Slovakia"]
[Date "2009.02.28"]
[Round "10.5"]
[White "Ondras, Juraj"]
[Black "Maracek, Igor"]
[Result "1-0"]
[WhiteElo "2011"]
[BlackElo "2157"]
[PlyCount "111"]
[EventDate "2008.10.11"]
[EventType "team-tourn"]
[EventRounds "11"]
[EventCountry "SVK"]
[SourceTitle "EXT 2010"]
[Source "ChessBase"]
[SourceDate "2010.11.25"]
[SourceVersion "1"]
[SourceVersionDate "2010.11.25"]
[SourceQuality "1"]
[WhiteTeam "Banska Bystrica CVC"]
[BlackTeam "Zilina DMS"]
[WhiteTeamCountry "SVK"]
[BlackTeamCountry "SVK"]

1. e4 c5 2. Nf3 d6 3. c3 Nc6 4. d4 cxd4 5. cxd4 e6 6. Nc3 Nf6 7. Bd3 Be7 8. 0-0 0-0 9. h3 Nd7 10. Re1 a6 11. Be3 Bf6 12. Rc1 g6 13. Bf1 Bg7 14. Qd2 Ne7 15. Bh6 b5 16. Bxg7 Kxg7 17. Qf4 Nb6 18. b3 Ra7 19. h4 f6 20. Red1 Rd7 21. g3 b4 22. Ne2 e5 23. Qe3 h6 24. Rd2 f5 25. dxe5 dxe5 26. Rxd7 Nxd7 27. Bh3 Bb7 28. Nd2 Nf6 29. exf5 Qd5 30. f3 Rd8 31. Rc7 Nfg8 32. Kf2 Bc8 33. Nc4 Kf6 34. Rc5 Qb7 35. Qxe5+ Kf7 36. Nd6+ Rxd6 37. Qxd6 gxf5 38. Bg2 Qa7 39. Qc7 Qxc7 40. Rxc7 Nf6 41. Nf4 Ke8 42. Rc4 Kd7 43. Rxb4 Nc6 44. Rc4 Kd6 45. Bf1 Bb7 46. Ke3 Nd7 47. Rc2 Nce5 48. Be2 a5 49. Rd2+ Kc5 50. Nd3+ Nxd3 51. Bxd3 Ne5 52. Bxf5 Nxf3 53. Rc2+ Kd6 54. Be4 Bxe4 55. Kxe4 Ne5 56. Kf5 1-0

[Event "SVK-chT2C 0809"]
[Site "Slovakia"]
[Date "2008.12.07"]
[Round "6.6"]
[White "Maracek, Igor"]
[Black "Lakatos, Vladimir"]
[Result "1/2-1/2"]
[WhiteElo "2157"]
[BlackElo "2159"]
[PlyCount "42"]
[EventDate "2008.10.11"]
[EventType "team-tourn"]
[EventRounds "11"]
[EventCountry "SVK"]
[SourceTitle "EXT 2010"]
[Source "ChessBase"]
[SourceDate "2010.11.25"]
[SourceVersion "1"]
[SourceVersionDate "2010.11.25"]
[SourceQuality "1"]
[WhiteTeam "Zilina DMS"]
[BlackTeam "Zilina Mladost II"]
[WhiteTeamCountry "SVK"]
[BlackTeamCountry "SVK"]

1. e4 c5 2. Nf3 e6 3. d4 cxd4 4. Nxd4 a6 5. Bd3 Nf6 6. 0-0 Qc7 7. Bg5 Be7 8. Qe2 d6 9. Nd2 Nbd7 10. N2f3 Nc5 11. b4 Nxd3 12. cxd3 e5 13. Rac1 Qb6 14. Nc2 Bd7 15. Qd2 Rc8 16. Ne3 Rxc1 17. Rxc1 0-0 18. Bxf6 Bxf6 19. Nc4 Qd8 20. Nxd6 Bg4 21. Nf5 Bxf3 1/2-1/2

[Event "SVK-chT2C 0809"]
[Site "Slovakia"]
[Date "2008.12.06"]
[Round "5.1"]
[White "Straka, Jozef1111"]
[Black "Maracek, Igor"]
[Result "1/2-1/2"]
[WhiteElo "2177"]
[BlackElo "2157"]
[PlyCount "92"]
[EventDate "2008.10.11"]
[EventType "team-tourn"]
[EventRounds "11"]
[EventCountry "SVK"]
[SourceTitle "EXT 2010"]
[Source "ChessBase"]
[SourceDate "2010.11.25"]
[SourceVersion "1"]
[SourceVersionDate "2010.11.25"]
[SourceQuality "1"]
[WhiteTeam "Cadca Caissa"]
[BlackTeam "Zilina DMS"]
[WhiteTeamCountry "SVK"]
[BlackTeamCountry "SVK"]

1. d4 d5 2. c4 e6 3. Nc3 Nf6 4. Bg5 c5 5. cxd5 cxd4 6. Qa4+ Qd7 7. Qxd4 Nc6 8. Qd2 Nxd5 9. Nxd5 Qxd5 10. Qxd5 exd5 11. Nf3 Bb4+ 12. Bd2 Bxd2+ 13. Kxd2 d4 14. g3 Bf5 15. Bg2 0-0 16. Nh4 Bg4 17. Rhc1 Rfe8 18. Bf3 Bxf3 19. Nxf3 Re4 20. Rc4 Rae8 21. Re1 f5 22. b4 a6 23. a4 h6 24. Kd3 R8e6 25. b5 axb5 26. axb5 Ne5+ 27. Nxe5 R4xe5 28. Rb4 g5 29. f3 Kf7 30. Kxd4 Rxe2 31. Rxe2 Rxe2 32. Rc4 Rxh2 33. Rc7+ Ke6 34. Rxb7 Rd2+ 35. Ke3 Rg2 36. Rb6+ Kd7 37. Rxh6 Rxg3 38. Kf2 f4 39. b6 Kc8 40. Rh7 g4 41. fxg4 Rxg4 42. Kf3 Rg6 43. b7+ Kb8 44. Kxf4 Rb6 45. Ke5 Rxb7 46. Rxb7+ Kxb7 1/2-1/2

[Event "SVK-chT2C 0809"]
[Site "Slovakia"]
[Date "2008.11.09"]
[Round "4.5"]
[White "Murin, Pavol"]
[Black "Maracek, Igor"]
[Result "0-1"]
[WhiteElo "2102"]
[BlackElo "2157"]
[PlyCount "130"]
[EventDate "2008.10.11"]
[EventType "team-tourn"]
[EventRounds "11"]
[EventCountry "SVK"]
[SourceTitle "EXT 2010"]
[Source "ChessBase"]
[SourceDate "2010.11.25"]
[SourceVersion "1"]
[SourceVersionDate "2010.11.25"]
[SourceQuality "1"]
[WhiteTeam "Dolny Kubin"]
[BlackTeam "Zilina DMS"]
[WhiteTeamCountry "SVK"]
[BlackTeamCountry "SVK"]

1. d4 Nf6 2. c4 d6 3. Nc3 g6 4. e4 Bg7 5. f4 Bg4 6. Nf3 c5 7. d5 0-0 8. Be2 e6 9. 0-0 exd5 10. cxd5 Re8 11. h3 Bxf3 12. Bxf3 b5 13. e5 Nfd7 14. Nxb5 dxe5 15. d6 e4 16. Bxe4 Rxe4 17. Qd5 Rb4 18. Nc7 Bd4+ 19. Kh1 Nb6 20. Qf3 N8d7 21. Nxa8 Nxa8 22. Rb1 Rb6 23. Bd2 Rxd6 24. Bc3 Nc7 25. Rbd1 Ne6 26. Qb7 Ng7 27. Bxd4 cxd4 28. Qxa7 Nf5 29. Rf3 Nf6 30. Rb3 Qd7 31. Qxd7 Rxd7 32. g4 Ne3 33. Rdd3 Ne4 34. Kg1 Kg7 35. Rb4 Nc2 36. Rc4 Ne1 37. Rd1 Nd2 38. Ra4 Re7 39. Rxd2 Nf3+ 40. Kf2 Nxd2 41. Rxd4 Ne4+ 42. Kf3 Nc5 43. b4 Ne6 44. Rd2 Ra7 45. Ke4 Ra4 46. Rb2 Kf6 47. g5+ Ke7 48. Ke5 Nc7 49. b5 Ra5 50. a4 Rxa4 51. b6 Ra5+ 52. Ke4 Na6 53. b7 Nb8 54. Rb6 Rf5 55. h4 Kd7 56. h5 Kc7 57. hxg6 hxg6 58. Rb1 Nd7 59. Ke3 Kb8 60. Rd1 Nc5 61. Rd6 Kxb7 62. Rf6 Ne6 63. Rxf5 gxf5 64. Kf3 Kc6 65. Kg3 Kd5 0-1

[Event "SVK-chT2C 0809"]
[Site "Slovakia"]
[Date "2008.11.08"]
[Round "3.5"]
[White "Pekar, Karol"]
[Black "Maracek, Igor"]
[Result "1-0"]
[WhiteElo "2177"]
[BlackElo "2157"]
[PlyCount "67"]
[EventDate "2008.10.11"]
[EventType "team-tourn"]
[EventRounds "11"]
[EventCountry "SVK"]
[SourceTitle "EXT 2010"]
[Source "ChessBase"]
[SourceDate "2010.11.25"]
[SourceVersion "1"]
[SourceVersionDate "2010.11.25"]
[SourceQuality "1"]
[WhiteTeam "Liptov SK III"]
[BlackTeam "Zilina DMS"]
[WhiteTeamCountry "SVK"]
[BlackTeamCountry "SVK"]

1. d4 Nf6 2. Nc3 d6 3. e4 g6 4. Bc4 Bg7 5. Qe2 c6 6. e5 dxe5 7. dxe5 Nd5 8. Bd2 Bf5 9. 0-0-0 Qc7 10. f4 h5 11. Nf3 Nd7 12. h3 b5 13. Bxd5 cxd5 14. Nd4 b4 15. Nxd5 Qc5 16. Bxb4 Qxd5 17. Nxf5 Qxa2 18. Nxg7+ Kf8 19. Rxd7 Kxg7 20. Rhd1 Qa1+ 21. Kd2 Qa4 22. Rd4 Rhd8 23. Ke1 Rxd4 24. Rxd4 Qa1+ 25. Kf2 Qxb2 26. c3 Qb3 27. f5 a5 28. Bxe7 Qxc3 29. Bf6+ Kg8 30. e6 Qc5 31. exf7+ Kh7 32. fxg6+ Kxg6 33. Qe6 Qc2+ 34. Kg1 1-0

[Event "SVK-chT2C 0708"]
[Site "Slovakia"]
[Date "2007.10.06"]
[Round "1.4"]
[White "Maracek, Igor"]
[Black "Puskar, Jan"]
[Result "0-1"]
[WhiteElo "2129"]
[BlackElo "1990"]
[PlyCount "116"]
[EventDate "2007.10.06"]
[EventType "team-tourn"]
[EventRounds "11"]
[EventCountry "SVK"]
[SourceTitle "EXT 2010"]
[Source "ChessBase"]
[SourceDate "2010.11.25"]
[SourceVersion "1"]
[SourceVersionDate "2010.11.25"]
[SourceQuality "1"]
[WhiteTeam "Zilina DMS"]
[BlackTeam "Banska Bystrica CVC"]
[WhiteTeamCountry "SVK"]
[BlackTeamCountry "SVK"]

1. d4 Nf6 2. Nc3 d5 3. Bg5 c6 4. e3 Bf5 5. Bd3 Bxd3 6. Qxd3 Nbd7 7. Nf3 e6 8. 0-0 Be7 9. Ne5 Nxe5 10. dxe5 Nd7 11. Bxe7 Qxe7 12. f4 0-0 13. e4 Nc5 14. Qe3 Nxe4 15. Nxe4 dxe4 16. Qxe4 Rad8 17. Qe3 Qb4 18. b3 Qd4 19. Rae1 Qxe3+ 20. Rxe3 Rd2 21. Rf2 Rfd8 22. Rfe2 g6 23. Kf2 h5 24. Rxd2 Rxd2+ 25. Re2 Rd1 26. Ke3 Kf8 27. Rd2 Rxd2 28. Kxd2 Ke7 29. Kd3 Kd7 30. Ke4 b6 31. g3 Ke7 32. h3 Kd7 33. g4 hxg4 34. hxg4 Ke7 35. a4 Kf8 36. Kf3 Kg7 37. Ke4 g5 38. f5 Kf8 39. Kd4 Ke7 40. b4 Kd7 41. Kc4 Kc7 42. Kd4 Kd7 43. c4 Kc7 44. fxe6 fxe6 45. a5 c5+ 46. Kc3 cxb4+ 47. Kxb4 bxa5+ 48. Kxa5 Kc6 49. Ka6 Kc5 50. Kb7 Kxc4 51. Kc6 a5 52. Kd6 a4 53. Kxe6 a3 54. Kf7 a2 55. e6 a1Q 56. e7 Qf1+ 57. Kg8 Qe2 58. Kf7 Qxg4 0-1

[Event "SVK-chT2C 0607"]
[Site "Slovakia"]
[Date "2007.03.17"]
[Round "10.1"]
[White "Papanetz, Peter"]
[Black "Maracek, Igor"]
[Result "1-0"]
[WhiteElo "2293"]
[BlackElo "2106"]
[PlyCount "109"]
[EventDate "2006.10.14"]
[EventType "team-tourn"]
[EventRounds "11"]
[EventCountry "SVK"]
[SourceTitle "EXT 2019"]
[Source "ChessBase"]
[SourceDate "2018.10.10"]
[SourceVersion "1"]
[SourceVersionDate "2018.10.10"]
[SourceQuality "1"]
[WhiteTeam "Banska Bystrica TH Junior"]
[BlackTeam "Zilina DMS"]
[WhiteTeamCountry "SVK"]
[BlackTeamCountry "SVK"]

1. e4 c5 2. c3 d6 3. d4 Nf6 4. dxc5 dxc5 5. Qxd8+ Kxd8 6. f3 e5 7. Bc4 Ke8 8. Bg5 Bd6 9. Nd2 a6 10. a4 Nbd7 11. Ne2 h6 12. Be3 Ke7 13. Ng3 g6 14. 0-0 Nf8 15. Rfd1 Ne6 16. a5 Bd7 17. Bf1 Bc6 18. Nc4 Bc7 19. Nh1 h5 20. Nf2 Rad8 21. Rxd8 Rxd8 22. Nd3 Nd7 23. Nc1 f5 24. exf5 gxf5 25. Nb3 Rg8 26. Ncd2 h4 27. h3 e4 28. fxe4 Bf4 29. Re1 fxe4 30. Bxf4 Nxf4 31. Nxe4 Kd8 32. Nbd2 Nxh3+ 33. Kh2 Nf4 34. Nf3 Kc7 35. Neg5 Nf6 36. Re7+ Kb8 37. Rf7 Ng4+ 38. Kg1 Nd5 39. Rh7 Nge3 40. Rxh4 Nxf1 41. Kxf1 Ne3+ 42. Kf2 Nd1+ 43. Kf1 Nxb2 44. Ne6 Nd1 45. c4 Ne3+ 46. Kf2 Nxg2 47. Rh2 Rg6 48. Rh8+ Ka7 49. Nc7 b6 50. Ne5 Rf6+ 51. Kg3 Bb7 52. Nd5 Bxd5 53. cxd5 Rd6 54. Rh7+ Kb8 55. axb6 1-0

[Event "SVK-chT2C 0607"]
[Site "Slovakia"]
[Date "2007.02.04"]
[Round "9.6"]
[White "Maracek, Igor"]
[Black "Cierny, Lubomir"]
[Result "0-1"]
[WhiteElo "2106"]
[BlackElo "1910"]
[PlyCount "70"]
[EventDate "2006.10.14"]
[EventType "team-tourn"]
[EventRounds "11"]
[EventCountry "SVK"]
[SourceTitle "EXT 2019"]
[Source "ChessBase"]
[SourceDate "2018.10.10"]
[SourceVersion "1"]
[SourceVersionDate "2018.10.10"]
[SourceQuality "1"]
[WhiteTeam "Zilina DMS"]
[BlackTeam "Zvolen Slavia"]
[WhiteTeamCountry "SVK"]
[BlackTeamCountry "SVK"]

1. d4 Nf6 2. Nc3 e6 3. e4 c5 4. Nf3 cxd4 5. Nxd4 d5 6. Bb5+ Bd7 7. e5 a6 8. Bd3 Ng8 9. 0-0 Ne7 10. Nce2 Nec6 11. Nxc6 Nxc6 12. f4 Bc5+ 13. Kh1 Nb4 14. a3 Nxd3 15. cxd3 d4 16. b4 Bb6 17. Bb2 Bc6 18. Qe1 Qd5 19. Qf2 Rd8 20. Ng3 h5 21. Ne4 h4 22. h3 Rd7 23. a4 Qb3 24. Nd6+ Rxd6 25. exd6 Qxd3 26. Kh2 Rh6 27. Rad1 Qg3+ 28. Qxg3 hxg3+ 29. Kxg3 Rg6+ 30. Kh4 Bd8+ 31. Kh5 Bxg2 32. f5 Rg5+ 33. Kh4 Rxf5+ 34. Kg3 Bxf1 35. Bxd4 Kd7 0-1

[Event "SVK-chT2C 0607"]
[Site "Slovakia"]
[Date "2007.02.03"]
[Round "8.6"]
[White "Maracek, Igor"]
[Black "Kubis, Juraj"]
[Result "1-0"]
[WhiteElo "2106"]
[BlackElo "1979"]
[PlyCount "111"]
[EventDate "2006.10.14"]
[EventType "team-tourn"]
[EventRounds "11"]
[EventCountry "SVK"]
[SourceTitle "EXT 2019"]
[Source "ChessBase"]
[SourceDate "2018.10.10"]
[SourceVersion "1"]
[SourceVersionDate "2018.10.10"]
[SourceQuality "1"]
[WhiteTeam "Zilina DMS"]
[BlackTeam "Jelsava Magnezit"]
[WhiteTeamCountry "SVK"]
[BlackTeamCountry "SVK"]

1. e4 c5 2. Nf3 d6 3. d4 cxd4 4. Nxd4 Nf6 5. Nc3 g6 6. Be3 Bg7 7. f3 0-0 8. Qd2 Nc6 9. 0-0-0 Bd7 10. h4 Nxd4 11. Bxd4 Be6 12. Kb1 Qc7 13. h5 Rfc8 14. hxg6 fxg6 15. Qg5 Bf7 16. e5 dxe5 17. Bxe5 Qc5 18. f4 Ne4 19. Qh4 Nxc3+ 20. bxc3 h5 21. Bxg7 Kxg7 22. Qe1 Qxc3 23. Qxc3+ Rxc3 24. Rd7 Kf6 25. Bd3 Rc6 26. Rxb7 Rb6+ 27. Rxb6+ axb6 28. c4 Ra3 29. Rd1 Be6 30. Kb2 Ra5 31. Rd2 b5 32. cxb5 Rxa2+ 33. Kc3 Ra3+ 34. Kd4 Ra4+ 35. Ke3 Rb4 36. Rc2 Bd5 37. g3 g5 38. Rc5 gxf4+ 39. gxf4 e6 40. Rc8 Bg2 41. Rh8 Rb3 42. Rh6+ Ke7 43. Kd4 Bf3 44. Bc4 Rb4 45. Rxe6+ Kd7 46. Re3 Bg4 47. Kc5 Rb2 48. b6 Rc2 49. Rd3+ Kc8 50. Re3 Kd7 51. Kb5 Rb2+ 52. Ka6 Kc6 53. Bb5+ Kc5 54. Re5+ Kd6 55. b7 Rxb5 56. Rxb5 1-0

[Event "SVK-chT2C 0607"]
[Site "Slovakia"]
[Date "2007.01.13"]
[Round "7.5"]
[White "Kopera, Michal"]
[Black "Maracek, Igor"]
[Result "1-0"]
[WhiteElo "2141"]
[BlackElo "2106"]
[PlyCount "45"]
[EventDate "2006.10.14"]
[EventType "team-tourn"]
[EventRounds "11"]
[EventCountry "SVK"]
[SourceTitle "EXT 2008"]
[Source "ChessBase"]
[SourceDate "2007.11.25"]
[SourceVersion "1"]
[SourceVersionDate "2007.11.25"]
[SourceQuality "1"]
[WhiteTeam "Zilina Mladost juniors"]
[BlackTeam "Zilina DMS"]
[WhiteTeamCountry "SVK"]
[BlackTeamCountry "SVK"]

1. e4 c5 2. Nf3 d6 3. d4 cxd4 4. Nxd4 Nf6 5. Nc3 a6 6. Be2 e6 7. Be3 Be7 8. 0-0 0-0 9. f4 Qc7 10. Bf3 Nc6 11. a4 Na5 12. Qe1 Nc4 13. b3 Nxe3 14. Qxe3 Bd7 15. e5 dxe5 16. fxe5 Bb4 17. Na2 Bc5 18. exf6 gxf6 19. Kh1 e5 20. Be4 f5 21. Qg5+ Kh8 22. Qf6+ Kg8 23. Nxf5 1-0

[Event "SVK-chT2C 0506"]
[Site "Slovakia"]
[Date "2006.01.15"]
[Round "7.8"]
[White "Turcel, Jozef"]
[Black "Maracek, Igor"]
[Result "0-1"]
[WhiteElo "2039"]
[BlackElo "2172"]
[PlyCount "77"]
[EventDate "2005.10.22"]
[EventType "team-tourn"]
[EventRounds "11"]
[EventCountry "SVK"]
[SourceTitle "EXT 2009"]
[Source "ChessBase"]
[SourceDate "2008.11.26"]
[SourceVersion "1"]
[SourceVersionDate "2008.11.26"]
[SourceQuality "1"]

1. e4 d6 2. Nf3 Nf6 3. Nc3 g6 4. Bc4 Bg7 5. d3 c6 6. 0-0 b5 7. Bb3 0-0 8. h3 a5 9. a3 Na6 10. Be3 Bb7 11. Nh2 Nd7 12. Ng4 b4 13. Na4 d5 14. Nh6+ Kh8 15. d4 e5 16. dxe5 Nxe5 17. exd5 cxd5 18. Nb6 d4 19. Bxd4 Qg5 20. Ng4 Rad8 21. f4 Rxd4 22. fxg5 Rxd1 23. Raxd1 Nxg4 24. hxg4 Nc5 25. Nd7 Nxd7 26. Rxd7 Bc6 27. Rc7 Be4 28. axb4 f5 29. gxf5 gxf5 30. Rxg7 Kxg7 31. bxa5 Ra8 32. Ra1 Kg6 33. Ba4 Kxg5 34. b4 Kf4 35. Kf2 Rd8 36. a6 Rd2+ 37. Kf1 Rxg2 38. Ra3 Rh2 39. Ke1 0-1

[Event "SVK-chT2 0304"]
[Site "Slovakia"]
[Date "2004.??.??"]
[Round "10"]
[White "Maracek, Igor"]
[Black "Valuska, Jan"]
[Result "0-1"]
[WhiteElo "2156"]
[BlackElo "2020"]
[PlyCount "120"]
[EventDate "2003.10.??"]
[EventType "team"]
[EventRounds "11"]
[EventCountry "SVK"]
[SourceTitle "EXT 2006"]
[Source "ChessBase"]
[SourceDate "2005.11.24"]
[SourceVersion "1"]
[SourceVersionDate "2005.11.24"]
[SourceQuality "1"]

1. e4 e6 2. d4 d5 3. Nc3 Nf6 4. Bg5 Be7 5. e5 Nfd7 6. h4 a6 7. Qg4 Bxg5 8. hxg5 Nf8 9. Bd3 Nc6 10. g6 f5 11. Qg3 Nxd4 12. gxh7 Qe7 13. Nge2 Nxe2 14. Kxe2 g6 15. Rh4 Rxh7 16. Rah1 Rxh4 17. Rxh4 Bd7 18. Qh2 0-0-0 19. f4 g5 20. Rh6 gxf4 21. Qxf4 Qg7 22. Kf1 Ng6 23. Qg5 Rg8 24. g4 c6 25. gxf5 exf5 26. Bxf5 Nxe5 27. Bxd7+ Kxd7 28. Qxg7+ Rxg7 29. Na4 Ng4 30. Nc5+ Ke7 31. Rh3 Kd6 32. b4 d4 33. Ke2 Kd5 34. Rh4 Kc4 35. Kd2 Kxb4 36. Ne6 Rg6 37. Nxd4 c5 38. Nf3 c4 39. c3+ Ka3 40. Rh5 b5 41. Nd4 Kxa2 42. Rh1 Ne5 43. Rh5 Nd3 44. Rh2 Kb2 45. Ne2 Nc5 46. Ke3 Rd6 47. Rg2 Na4 48. Ng3+ Kb3 49. Ne4 Rd3+ 50. Kf4 Rh3 51. Ke5 a5 52. Kd4 Nxc3 53. Nc5+ Ka3 54. Rd2 Na4 55. Ne4 c3 56. Rg2 b4 57. Nd6 b3 58. Kc4 Nb2+ 59. Kc5 c2 60. Rg1 c1Q+ 0-1